Những đế chế công nghệ số 25 ý tưởng độc đáo dẫn đến những đế chế công nghệ số thành công = How they started digital : How 25 good ideas became spectacular digital business

Chia sẻ 25 ý tưởng độc đáo của các công ty khởi nghiệp sáng giá nhất trong lĩnh vực kinh doanh công nghệ số, để trở thành những đế chế công nghệ số thành công ở các lĩnh vực như: giả trí, mạng truyền thông xã hội, kênh thông tin và thư...

Descripció completa

Guardat en:
Dades bibliogràfiques
Autor principal: Lester, David
Altres autors: Phạm Huỳnh Thanh Như (Dịch)
Format: Llibre
Idioma:Vietnamese
Publicat: H. Thế giới 2020
Matèries:
Etiquetes: Afegir etiqueta
Sense etiquetes, Sigues el primer a etiquetar aquest registre!
Thư viện lưu trữ: Thư viện Trường Đại học Nam Cần Thơ
LEADER 02252nam a22002537a 4500
001 NCT_4_015924
008 250116b xxu||||| |||| 00| 0 vie d
999 |c 8758  |d 8758 
020 |a 8935278600756  |c 160000 
082 0 4 |2 23rd ed.  |a 658.11  |b L642 
100 1 |a Lester, David 
245 1 0 |a Những đế chế công nghệ số  |b 25 ý tưởng độc đáo dẫn đến những đế chế công nghệ số thành công = How they started digital : How 25 good ideas became spectacular digital business  |c David Lester ; Phạm Huỳnh Thanh Như Dịch 
260 |a H.  |b Thế giới  |c 2020 
300 |a 410 tr.  |b Minh họa  |c 24 cm 
520 3 |a Chia sẻ 25 ý tưởng độc đáo của các công ty khởi nghiệp sáng giá nhất trong lĩnh vực kinh doanh công nghệ số, để trở thành những đế chế công nghệ số thành công ở các lĩnh vực như: giả trí, mạng truyền thông xã hội, kênh thông tin và thư giãn, bán lẻ, tài chính và các trang so sánh giá, công nghệ qua đó giúp bạn có được những ý tưởng khởi nghiệp đột phá và xây dựng mô hình kinh doanh hiệu quả 
653 |a Truyền thông đa phương tiện 
700 1 |a Phạm Huỳnh Thanh Như  |e Dịch 
942 |2 ddc  |c BK 
952 |0 0  |1 0  |2 ddc  |4 0  |6 658_110000000000000_L642  |7 0  |9 30080  |a 000001  |b 000001  |d 2025-01-16  |o 658.11 L642  |p MD.23390  |r 2025-01-16  |v 160000.00  |w 2025-01-16  |y BK 
952 |0 0  |1 0  |2 ddc  |4 0  |6 658_110000000000000_L642  |7 0  |9 30081  |a 000001  |b 000001  |d 2025-01-16  |o 658.11 L642  |p MD.23391  |r 2025-01-16  |v 160000.00  |w 2025-01-16  |y BK 
952 |0 0  |1 0  |2 ddc  |4 0  |6 658_110000000000000_L642  |7 0  |9 30082  |a 000001  |b 000001  |d 2025-01-16  |o 658.11 L642  |p MD.23392  |r 2025-01-16  |v 160000.00  |w 2025-01-16  |y BK 
952 |0 0  |1 0  |2 ddc  |4 0  |6 658_110000000000000_L642  |7 0  |9 30083  |a 000001  |b 000001  |d 2025-01-16  |o 658.11 L642  |p MD.23393  |r 2025-01-16  |v 160000.00  |w 2025-01-16  |y BK 
952 |0 0  |1 0  |2 ddc  |4 0  |6 658_110000000000000_L642  |7 0  |9 30084  |a 000001  |b 000001  |d 2025-01-16  |o 658.11 L642  |p MD.23394  |r 2025-01-16  |v 160000.00  |w 2025-01-16  |y BK 
980 |a Thư viện Trường Đại học Nam Cần Thơ